[Event "MAU-ch"]
[Site "Nouadhibou"]
[Date "2014.01.01"]
[Round "8"]
[White "Mohamed, Lemine Haddou"]
[Black "Hemam, Moulaye Brahim"]
[Result "1-0"]
[WhiteElo "1641"]
[BlackElo "2061"]
[PlyCount "47"]
[EventDate "2013.12.28"]
[EventType "swiss"]
[EventRounds "11"]
[EventCountry "MAU"]
[SourceTitle "CBM 158 Extra"]
[Source "ChessBase"]
[SourceDate "2014.02.28"]
[SourceVersion "1"]
[SourceVersionDate "2014.02.28"]
[SourceQuality "1"]

1. e4 e5 2. Nf3 Nc6 3. Bc4 Bc5 4. d3 Bd4 5. c3 Bb6 6. Bg5 Nge7 7. Nh4 h6 8. Qf3 0-0 9. Bd2 d6 10. Qg3 Kh8 11. 0-0 Bc5 12. b4 Bb6 13. Nf3 a5 14. b5 Nb8 15. Qh4 c6 16. Bxh6 Ng8 17. Bg5+ Nh6 18. Bxd8 Rxd8 19. Bxf7 Rf8 20. Ng5 Bg4 21. Bg6 Bd8 22. Nf7+ Rxf7 23. Qxd8+ Ng8 24. Bxf7 1-0